000 00209nam a2200097Ia 4500
008 220204s9999 xx 000 0 und d
082 _a82-3
_bKAZ
100 _aKazan, Elia
245 0 _aUnder study
942 _cBK
999 _c29997
_d29997